Normal view
MARC view
- Bachelor of Science in Business Administration
Entry Topical Term
001 - CONTROL NUMBER
- control field: 38980
003 - CONTROL NUMBER IDENTIFIER
- control field: OSt
005 - DATE AND TIME OF LATEST TRANSACTION
- control field: 20190725105310.0
008 - FIXED-LENGTH DATA ELEMENTS
- fixed length control field: 190725|| aca||aabn | a|a d
040 ## - CATALOGING SOURCE
- Original cataloging agency: OSt
- Transcribing agency: OSt
150 ## - HEADING--TOPICAL TERM
- Topical term or geographic name entry element: Bachelor of Science in Business Administration
- Form subdivision: Financial Management
- General subdivision: Undergraduate Thesis
670 ## - SOURCE DATA FOUND
- Source citation: Work cat.: (OSt): Villar, WynJalle A. 38979, FINANCIAL MANAGEMENT PRACTICES AND THE PROFITABILITY OF PUBLIC MARKET VENDORS IN DIGOS CITY/, November 2018
